Social Businesses and Their Importance in National Economy

Charakterizácia sociálneho podnikania. Súčasná legislatívna úprava sociálneho podnikania v SR. Zákon č. 5/2004 Z. z. Nový zákon o sociálnych podnikoch v SR.

Guardado en:
Detalles Bibliográficos
Autor principal: Bukovová, Sylvia, 1959-
Otros Autores: Deáková, Stanislava, 1974-
Formato: Capítulo de libro
Lenguaje:eslovaco
Materias:
Etiquetas: Agregar Etiqueta
Sin Etiquetas, Sea el primero en etiquetar este registro!

MARC

LEADER 00000nla a2200000 4500
001 0238812
005 20240523115359.6
041 0 |a slo 
044 |a CZ 
245 1 0 |a Social Businesses and Their Importance in National Economy  |c Sylvia Bukovová, Stanislava Deáková 
520 |a Charakterizácia sociálneho podnikania. Súčasná legislatívna úprava sociálneho podnikania v SR. Zákon č. 5/2004 Z. z. Nový zákon o sociálnych podnikoch v SR. 
610 2 0 |a podnikanie sociálne 
610 2 0 |a podnik sociálny 
610 2 0 |a inovácie sociálne 
610 2 0 |a hodnota 
610 2 0 |a legislatíva 
610 2 0 |a Slovensko 
100 1 |a Bukovová, Sylvia, 1959- 
700 1 |a Deáková, Stanislava, 1974-